Chelsea 2012 Champions League Winning Squad - Sudden Death - Statistics

General Stats
  • This quiz has been taken 854 times
  • The average score is 7 of 21
Answers on the Grid
Answers color-coded by a green-red scale on the quiz's grid according to % correct below.
André Schürrle
Andreas Christensen
Andriy Shevchenko
Ashley Cole
Bastian Schweinsteiger
Branislav Ivanović
Carlo Cudicini
César Azpilicueta
Claudio Pizarro
Daniel Sturridge
David Luiz
Deco
Demba Ba
Didier Drogba
Eden Hazard
Fabio Borini
Fernando Torres
Filipe Luís
Florent Malouda
Franck Ribéry
Frank Lampard
Gary Cahill
Ivica Olić
Joe Cole
John Terry
José Bosingwa
Juan Mata
Juliano Belletti
Kurt Zouma
Manuel Neuer
Marco van Ginkel
Michael Ballack
Michael Essien
Mikel John Obi
Mohamed Salah
Nemanja Matić
Oriol Romeu
Paulo Ferreira
Petr Čech
Ramires
Ricardo Carvalho
Ross Turnbull
Ryan Bertrand
Salomon Kalou
Samuel Eto'o
Shaun Wright-Phillips
Thomas Müller
Victor Moses
Wayne Bridge
Willian
Yuri Zhirkov
 
Answer Stats
Answer % Correct
Ashley Cole
83%
Branislav Ivanović
63%
Didier Drogba
57%
Frank Lampard
48%
John Terry
46%
David Luiz
45%
Fernando Torres
40%
Petr Čech
39%
Gary Cahill
35%
Juan Mata
35%
Mikel John Obi
33%
Ramires
31%
Florent Malouda
30%
Ryan Bertrand
29%
José Bosingwa
28%
Michael Essien
25%
Daniel Sturridge
24%
Salomon Kalou
24%
Oriol Romeu
11%
Ross Turnbull
11%
Paulo Ferreira
9%
No matching quizzes found
Score Distribution
Percent of People with Each Score
Percentile by Number Answered
Your Score History
You have not taken this quiz